1265 1970 1618 1385 1020 1345 1090 1741 1505 1064 1343 1462 1718 1126 1316 1991 1288 1409 1305 1570 1632 1613 1770 1955 1247 1813 1374 1237 1142 1235 1172 1039 1186 1366 1242 1817 1852 1597 1783 1897 1570 1620 1984 1036 1221 1583 1497 1853 1070 1175 1154 1187 1421 1628 1335 1233 1232 1850 1710 1340 1157 1324 1546 1338 1396 1930 1504 1557 1901 1128 1708 1140 1214 1154 1875 1856 1418 1687 1357 1580 1537 1303 1626 1968 1044 1762 1458 1692 1892 1597 1341 1799 1632 1723 1509 1741 1813 1088 1906 BCNSPRNW ULIB Ver.6.0+V

เปลี่ยนเป็นภาษาไทย

Change to English
 แสดงรายละเอียดบรรณานุกรม
  กลับหน้าหลัก

Brief Record : Get Marc (ISO 2709) : E-mail record : QR code < ปิดหน้าต่าง
LEADER : 00000nam 2200000uu 4500
001    13399123334
003     ULIB
008    140825s2537||||th 000 0 tha d
099    วจ.W84ป357ป
100 0  ประไพ กุดถวัลย์, วิภา ยมดิษฐ์และ อมรพรรณ ยมจินดา
245 00 ปัจจัยที่มีผลต่อการดูแลตนเองเพื่อป้องกันการเจ็บป่วยเนื่องมาจากคนงานในโรงงานอุตสาหกรรม จังหวัดสระบุรี/^cประไพ กุดถวัลย์, วิภา ยมดิษฐ์และ อมรพรรณ ยมจินดา
246 0  Factors influence self care action to prevent work-related health Hazards of Industrial workers in Saraburi Province
260    นนทบุรี:^bสถาบันพัฒนากำลังคนด้านสาธารณสุข สำนักงานปลัดกระทรวงสาธารณสุข,^c2537
300    52 หน้า
650  0 การดูแลตนเอง
700 0  วิภา ยมดิษฐ์
700 0  มรพรรณ ยมจินดา
945    ^p0^l0^i008806
999    ^aเกษร โพธิ์สุวรรณ
รายการนี้ยังไม่มีแท็ก
คุณยังไม่ได้ล็อกอิน คุณสามารถมีกิจกรรมร่วมกับเว็บไซต์ได้ แต่ต้องล็อกอินก่อน ::
  ล็อกอิน

รายการสื่อสารสนเทศ

ลำดับที่ ประเภท เลขเรียก/บาร์โค้ด สถานที่ สถานะ
1. งานวิจัย
งานวิจัย
วจ.W84ป357ป ฉ.1 
  Barcode: 008806
ห้องสมุดวิทยาเขตสวรรค์ประชารักษ์
►วิจัย
บนชั้น

รายการใกล้เคียง
    หัวเรื่อง [การดูแลตนเอง]

BibComment


ยังไม่เคยถูกคอมเมนท์

คอมเมนท์ทรัพยากรรายการนี้
  คอมเมนท์: ปัจจัยที่มีผลต่อก..


 Copyright 2026. Bcnsprnw @Library